Ideología constitucional de la izquierda italiana (Record no. 118856)

MARC details
000 -LEADER
campo de control de longitud fija 00552nam a2200181 4500
001 - NÚMERO DE CONTROL
campo de control 118856
003 - IDENTIFICADOR DE NÚMERO DE CONTROL
campo de control ES-MaACL
005 - FECHA Y HORA DE LA ÚLTIMA TRANSACCIÓN
campo de control 20230906191208.0
007 - CAMPO FIJO DE DESCRIPCIÓN FÍSICA--INFORMACIÓN GENERAL
campo de control de longitud fija t|
008 - DATOS DE LONGITUD FIJA--INFORMACIÓN GENERAL
campo de control de longitud fija 070214s1978 sp r ||||1| spa d
100 1# - ENTRADA PRINCIPAL--NOMBRE DE PERSONA
Nombre de persona Petta, Paolo.
9 (RLIN) 91562
245 10 - MENCIÓN DEL TÍTULO
Título Ideología constitucional de la izquierda italiana
Resto del título : (1892-1974) /
Mención de responsabilidad, etc. Paolo Petta ; versión de Alberto Clavería.
250 ## - MENCION DE EDICION
Mención de edición 1ª. ed.
260 ## - PUBLICACIÓN, DISTRIBUCIÓN, ETC.
Lugar de publicación, distribución, etc. Barcelona :
Nombre del editor, distribuidor, etc. Blume,
Fecha de publicación, distribución, etc. 1978.
300 ## - DESCRIPCIÓN FÍSICA
Extensión 286 p. ;
Dimensiones 21 cm.
700 1# - ENTRADA AGREGADA--NOMBRE PERSONAL
Nombre de persona Clavería, Alberto.
9 (RLIN) 39126
852 ## - LOCALIZACIÓN
Ubicación ES-MaACL
Número de control de estantería A-8846
Sublocalización o colección R.97849
Holdings
Estatus retirado Estado de pérdida Estado de daño No para préstamo Biblioteca de origen Biblioteca actual Ubicación en estantería Fecha de adquisición Fuente de adquisición Total de préstamos Signatura topográfica completa Código de barras Visto por última vez Precio de reemplazo Tipo de ítem Koha
        Biblioteca del Ateneo de Madrid Biblioteca del Ateneo de Madrid Depósito 1 17/01/2008     A-8846 1123909 23/02/2023 23/02/2023 Libro impreso